000 01270nam0a2200361 4500
001 RU\NLR\bibl\1846784
005 20250616174123.0
010 _a978-5-98322-787-3
_98000
021 _aRU
_b2011-91970
_96588
035 _a(NLR Aleph) 001837210
090 _a2221993
_c2221993
100 _a20111212d2011 |||y0rusy50 ca
101 0 _arus
102 _aRU
105 _aa |||||||||
200 1 _aНормы в педиатрии
_eсправочник
_fС.С. Вялов
210 _aМосква
_cМЕДпресс-информ
_d2011
215 _a186 с.
_cил.
_d14
606 1 _aДети
_jСправочники
_xРазвитие
_9926988
_3RU\NLR\auth\6622072
606 1 _aПлод
_jСправочники
_xРазвитие
_91891887
_3RU\NLR\auth\66860511
606 1 _aПедиатрия
_jСправочники
_9973843
_3RU\NLR\auth\6646829
686 _aР731.1я22
686 _aР716.110.2я22
686 _aР73я22
700 1 _4070
_aВялов
_bС. С.
_cканд. мед. наук
_gСергей Сергеевич
_9151365
_3RU\NLR\AUTH\770151403
801 0 _aRU
_bNLR
_c20111212
_gRCR
801 1 _aRU
_bNLR
_c20111212
830 _aавт. по кн.
942 _cBOOK
980 _aNB
980 _aNBR